The mystery of Gostiny Dvor (Запись № 11980540)

Подробности
000 -МАРКЕР
контрольное поле 01155nam0a2200277 4500
001 - ИДЕНТИФИКАТОР ЗАПИСИ
контрольное поле RU\NLR\BIBL_A\011497734
005 - ИДЕНТИФИКАТОР ВЕРСИИ
контрольное поле 20260406075738.0
010 ## - МЕЖДУНАРОДНЫЙ СТАНДАРТНЫЙ НОМЕР КНИГИ (ISBN)
Номер (ISBN) 978-5-8997-3096-2
035 ## - ДРУГИЕ СИСТЕМНЫЕ НОМЕРА
Идентификатор записи (NLR Aleph) 011497734
100 ## - ДАННЫЕ ОБЩЕЙ ОБРАБОТКИ
Данные общей обработки 20171017d2007 |||y0rusy50 ca
101 0# - ЯЗЫК РЕСУРСА
Язык текста, звукозаписи и т.д. английский
102 ## - СТРАНА ПУБЛИКАЦИИ ИЛИ ПРОИЗВОДСТВА
Страна публикации российская федерация
-- великобритания
105 ## - ПОЛЕ КОДИРОВАННЫХ ДАННЫХ: ТЕКСТОВЫЕ МАТЕРИАЛЫ, МОНОГРАФИЧЕСКИЕ
Кодированные данные о монографическом текстовом документе c z 000za
200 1# - ЗАГЛАВИЕ И СВЕДЕНИЯ ОБ ОТВЕТСТВЕННОСТИ
Основное заглавие The mystery of Gostiny Dvor
Сведения, относящиеся к заглавию about my city, about the world, about myself
-- [articles]
Первые сведения об ответственности Yuri Luzhkov
Последующие сведения об ответственности [article selection by M. Scherbachenko and V. Koretsky
-- foreword by M. Scherbachenko]
210 ## - ПУБЛИКАЦИЯ, РАСПРОСТРАНЕНИЕ И ДР.
Место издания, распространения и т.д. Moscow
Имя издателя, распространителя и т. д. London
-- RELOD
Дата издания, распространения и т.д. 2007
215 ## - ФИЗИЧЕСКАЯ ХАРАКТЕРИСТИКА
Специфическое обозначение материала и объем 224 с.
Другие сведения о физической характеристике цв. портр.
Размеры 22
541 1# - ПЕРЕВОД ЗАГЛАВИЯ, СДЕЛАННЫЙ КАТАЛОГИЗАТОРОМ
Заглавие Тайна Гостиного двора
607 ## - ГЕОГРАФИЧЕСКОЕ НАИМЕНОВАНИЕ КАК ПРЕДМЕТ
Географическое наименование Российская Федерация
Тематический подзаголовок Политика и управление
Системный номер авторитетной/нормативной записи 2070245
Идентификатор авторитетной/нормативной записи RU\NLR\AUTH\661244962
686 1# - ИНДЕКСЫ ДРУГИХ КЛАССИФИКАЦИЙ
Индекс Т3(2)74-3
700 #1 - ИМЯ ЛИЦА - ПЕРВИЧНАЯ ОТВЕТСТВЕННОСТЬ
Код отношения Редактор
Материалы, к которым относится поле rus
Графика поля Латинская
Начальный элемент ввода Lužkov
Часть имени, кроме начального элемента ввода J. M.
Даты 1936-2019
Расширение инициалов личного имени Jurij Michajlovič
Идентификатор авторитетной/нормативной записи RU\NLR\AUTH\770179775
Системный номер авторитетной/нормативной записи 179724
702 #1 - ИМЯ ЛИЦА - ВТОРИЧНАЯ ОТВЕТСТВЕННОСТЬ
Код отношения Составитель
Графика поля Латинская
Материалы, к которым относится поле rus
Начальный элемент ввода Ščerbačenko
Часть имени, кроме начального элемента ввода M. L.
Расширение инициалов личного имени Michail L'vovič
Системный номер авторитетной/нормативной записи 179735
Идентификатор авторитетной/нормативной записи RU\NLR\AUTH\770179786
942 ## - ДОПОЛНИТЕЛЬНЫЕ ЭЛЕМЕНТЫ ЗАПИСИ (АБИС)
Тип экземпляра АБИС Книга
980 ## - КОЛЛЕКЦИЯ
Название коллекции Национальная библиография
Экземпляры
Тип экземпляра Дата поступления Источник поступления Стоимость Библиотека постоянного хранения Библиотека текущего хранения Место хранения Шифр хранения Штрих-код Статус не для выдачи
Книга 17.10.2017 Зарубежный дар 500.00 РНБ (Московский) РНБ (Московский) Иностранный книжный фонд Ик 2017-5/495 1-1971496